| 000 | 00713nam a22002297a 4500 | ||
|---|---|---|---|
| 999 |
_c216226 _d216226 |
||
| 005 | 20260131122903.0 | ||
| 008 | 260131b ||||| |||| 00| 0 eng d | ||
| 020 | _a8123911556 | ||
| 040 |
_aLC _cUNZA _eRDA |
||
| 050 |
_aQM 548 _bCHA 2004 |
||
| 100 |
_aChaurasia, BD _eauthor |
||
| 245 |
_aBD Chaurasia's human anatomy : _bregional and applied dissection and clinical : volume 1, upper limb and thorax / _cBD Chaurasia. |
||
| 250 | _aFourth edition. | ||
| 260 |
_aNew Delhi : _bCBS Publishers & Distributors, _c2004. |
||
| 300 |
_axv, 288 pages : _billustrations. |
||
| 336 | _aText | ||
| 337 | _aUnmediated | ||
| 338 | _aVolume | ||
| 504 | _aIncludes index. | ||
| 650 | _aHuman anatomy. | ||
| 942 | _cBOOK | ||